Online
Catalog

Espacios de la comunicación literaria / (Record no. 24104)

MARC details
000 -CABECERA
campo de control de longitud fija 01697nam a2200241 a 4500
001 - NÚMERO DE CONTROL
campo de control 000024611
005 - FECHA Y HORA DE LA ÚLTIMA TRANSACCIÓN
campo de control 20200930023251.0
008 - DATOS DE LONGITUD FIJA--INFORMACIÓN GENERAL
campo de control de longitud fija 110127s2002 sp a r 000 | spa d
020 ## - NÚMERO INTERNACIONAL ESTÁNDAR DEL LIBRO
Número Internacional Estándar del Libro 8400080610
040 ## - FUENTE DE LA CATALOGACIÓN
Centro catalogador/agencia de origen DO-SdBNP
Lengua de catalogación spa
Centro/agencia transcriptor BNPHU
082 ## - NÚMERO DE LA CLASIFICACIÓN DECIMAL DEWEY
Número de clasificación 809
Número de documento/Ítem E77c
049 ## - FONDOS LOCALES (OCLC)
Fondos de biblioteca BNGR
245 00 - MENCIÓN DE TÍTULO
Título Espacios de la comunicación literaria /
Mención de responsabilidad, etc. Joaquín Álvarez Barrientos, ed.
260 ## - PUBLICACIÓN, DISTRIBUCIÓN, ETC.
Lugar de publicación, distribución, etc. Madrid, (España) :
Nombre del editor, distribuidor, etc. Consejo Superior de Investigaciones Científicas,
Fecha de publicación, distribución, etc. 2002.
300 ## - DESCRIPCIÓN FÍSICA
Extensión 228 p. :
Otras características físicas il. ;
Dimensiones 18 cm.
490 1# - MENCIÓN DE SERIE
Mención de serie Anejos de Revista de Literatura
Designación de volumen o secuencia 55
505 0# - NOTA DE CONTENIDO CON FORMATO
Título Presentación /
Mención de responsabilidad Joaquín Álvarez Barrientos
Título Globalización y folklore. Nuevo espacios de comunicación en la cultura popular /
Mención de responsabilidad Luis Díaz Viana
Título La fiesta como espacio literario /
Mención de responsabilidad Javier Portús
Título La calle como teatro: las representaciones en la sierra de Francia (Salamanca), siglos xvi a xx /
Mención de responsabilidad Antonio Cea Gutiérrez
Título El libro: la colección de poetas castellanos (1786-1798) /
Mención de responsabilidad José Checa Beltrán
Título Sociabilidad literaria: tertulias y cafés en el siglo xviii /
Mención de responsabilidad Joaquín Álvarez Barrientos
Título Salones y teatros de sociedad en el siglo xix /
Mención de responsabilidad Ana Ma. Freire
Título Escenario privados: el teatro ventura /
Mención de responsabilidad Ma. Del Carmen Menéndez Onrubia
Título El espacio de la intimidad. Juan Valera, el escritor en cartas /
Mención de responsabilidad Leonardo Romero Tobar
Título El espacio imaginario en la comunicación dramática /
Mención de responsabilidad Cecilia García-Antón
650 #4 - PUNTO DE ACCESO ADICIONAL DE MATERIA--TÉRMINO DE MATERIA
Término de materia o nombre geográfico como elemento de entrada Literatura española
Subdivisión general Historia y crítica
-- Literatura y sociedad
9 (RLIN) 50466
650 #4 - PUNTO DE ACCESO ADICIONAL DE MATERIA--TÉRMINO DE MATERIA
Término de materia o nombre geográfico como elemento de entrada Filosofía de la literatura española
9 (RLIN) 50467
700 1# - PUNTO DE ACCESO ADICIONAL--NOMBRE DE PERSONA
Nombre de persona Álvarez Barrientos, Joaquín,
Término indicativo de función/relación ed.
9 (RLIN) 50468
710 2# - PUNTO DE ACCESO ADICIONAL--NOMBRE DE ENTIDAD CORPORATIVA
Nombre de entidad corporativa o nombre de jurisdicción como elemento de entrada Instituto de la Lengua Española
9 (RLIN) 50469
830 #0 - PUNTO DE ACCESO ADICIONAL DE SERIE-TÍTULO UNIFORME
Título uniforme Anejos de Revista de Literatura;
Designación de volumen o secuencia 55
9 (RLIN) 15426
Holdings
Estado de retiro Estado de pérdida Restricciones de uso No para préstamo Código de colección Localización permanente Ubicación/localización actual Ubicación en estantería Fecha de adquisición Número de inventario Total de préstamos Signatura topográfica completa Código de barras Fecha visto por última vez Precio válido a partir de Tipo de ítem Koha
        Monografías: Libros y Folletos General General En catalogación 01.02.2011 LF1   809 E77c 24611-10 25.06.2020 25.06.2020 Préstamo en sala

Powered by Koha